What disease do I cause? - Statistics

General Stats
  • This quiz has been taken 70 times
  • The average score is 6 of 12
Answer Stats
Hint Answer % Correct
Coronaviridae COVID
100%
Herpesvirus Herpes
91%
Poxviruses Smallpox
88%
Hepadnaviridae Hepatitis
72%
Rhabdoviridae Rabies
70%
Retroviridae Human acquired immunodeficiency syndrome
35%
Picornaviridae Poliomyelitis
28%
Filoviridae Ebola
26%
Orthomyxoviridae Influenza
21%
Parvoviridae Slapped cheek syndrome
16%
Flaviviridae Zika
16%
Reoviridae Gastroenteritis
12%
No matching quizzes found
Score Distribution
Percent of People with Each Score
Percentile by Number Answered
Your Score History
You have not taken this quiz